|
|
|
|
| LEADER |
00000nab a2200000 ar4500 |
| 001 |
vtls008961543 |
| 003 |
SK-MaSNL |
| 005 |
20260303070704.0 |
| 008 |
070404c2007 xo mr|p|||||||000 b|slo |
| 015 |
|
|
|a SNBRB2007/03
|2 snkbucl
|
| 038 |
|
|
|a SNKBUCL
|
| 040 |
|
|
|a SNKBUCL
|b slo
|c SNKBUCL
|e AACR2
|
| 041 |
|
|
|a slo
|
| 044 |
|
|
|a xo
|c SK
|
| 080 |
|
|
|a 331.56
|x (437.6)
|2 2001
|
| 100 |
1 |
|
|a Faťarová, Andrea
|4 aut
|9 1068433
|
| 245 |
1 |
0 |
|a Cezhraničná spolupráca v okrese Rožňava
|c Andrea Faťarová, Izabela Hricová
|
| 300 |
|
|
|b Fotogr., tab.
|
| 650 |
0 |
7 |
|a nezamestnanosť
|2 snkbucl
|9 4271
|
| 651 |
|
7 |
|a Rožňava (Slovensko)
|2 snkbucl
|9 17394
|
| 700 |
1 |
|
|a Hricová, Izabela
|4 aut
|9 1068434
|
| 773 |
0 |
|
|t Sociálna politika a zamestnanosť
|g Č. 3 (2007), s. 3-5
|x 1336-5053
|
| 852 |
|
|
|a SNK
|b KIS3GCP
|
| 958 |
|
|
|a SK
|
| 999 |
|
|
|c 1756521
|d 1758451
|